000 01289nam a2200373 c 4500
001 15737
003 ES-MaCES
005 20150925135353.0
008 031023s2003 sp s o000 | spa d
017 _aM 35486-2003
_bDL
020 _a8426036236
024 7 _a377-02-012-9
_2nipo
035 _aCES20030014724m
040 _aES-MaCES
_bspa
_cES-MaCES
245 0 0 _aEstadísticas de medio ambiente
_pEncuesta del gasto de las empresas en protección ambiental 2001
_cInstituto Nacional de Estadística
260 _aMadrid
_bINE
_c2003
300 _a345 p.
_c30 cm
500 _aPosteriormente, bajo el tít.: Encuesta del gasto de las empresas en protección ambiental
541 _cGratuito
650 4 _agastos
_929793
650 4 _aprotección ambiental
_929423
650 4 _aEspaña
_926964
650 4 _a2001
_931582
650 4 _aencuesta
_928856
650 4 _adatos estadísticos
_930765
653 1 0 _aEstadísticas sectoriales
650 4 _928178
_aempresa
650 4 _928715
_amedio ambiente
710 2 _aInstituto Nacional de Estadística (España)
_94273
787 0 _tEncuesta del gasto de las empresas en protección ambiental 2002
_w(ES-MaCES)17309
902 _aLIB Libro
942 _2CES
_cBK
_h8.3.
999 _c15737
_d15737